000 01006nas a2200301 4500
001 BR2014003755
003 BR-BrBNA
005 20231205124140.0
007 ta
008 230509b bl.|||p| |||| 00| 00por d
040 _aBR-BrBNA
_bpor
_cBiblioteca Nacional de Agricultura
041 _a(En)
072 _aL73
100 1 _aGarcia, K.O.
100 1 _aBerchieri Junior, A.
100 1 _aSantana, A.M.
100 1 _aAlarcon, M.F.F.
100 1 _aFreitas Neto, O.C.
100 1 _aFagliari, J.
245 1 _aExperimental infection of commercial layers with wild or attenuated Salmonella gallinarum mutant strains: anatomic pathology, total blood cell count and serum protein levels
650 _aGALINHA PARA POSTURA
650 _aSALMONELLA
650 _aBACTERIA
650 _aINFECÇÃO
773 0 _tBrazilian Journal of Poultry Science (Brazil)
_xISSN 1516-635X
_g(Apr-Jun 2013), v. 15(2) p. 91-104
_wBR2014003755
909 _a202311
_bLúcia
_c55
_dLúcia Elande
942 _2AGRIS
_n0
_cANA
999 _c237546
_d237546